<?xml version='1.0' encoding='UTF-8'?>
  <record xmlns="http://www.loc.gov/MARC21/slim">
    <leader>00000cam a22000007i 4500</leader>
    <controlfield tag="001">ocm67975892</controlfield>
    <controlfield tag="003">OCoLC</controlfield>
    <controlfield tag="005">20241207020524.4</controlfield>
    <controlfield tag="008">981214s1586    fr            000 0 ger d</controlfield>
    <datafield tag="040" ind1=" " ind2=" ">
      <subfield code="a">NLGGC</subfield>
      <subfield code="b">eng</subfield>
      <subfield code="e">rda</subfield>
      <subfield code="e">dcrmr</subfield>
      <subfield code="c">NLGGC</subfield>
      <subfield code="d">QGJ</subfield>
      <subfield code="d">OCL</subfield>
      <subfield code="d">OCLCO</subfield>
      <subfield code="d">OCLCA</subfield>
      <subfield code="d">OCLCO</subfield>
      <subfield code="d">OCLCA</subfield>
      <subfield code="d">OCLCL</subfield>
      <subfield code="d">QGJ</subfield>
      <subfield code="d">OCLCO</subfield>
      <subfield code="d">QGJ</subfield>
      <subfield code="d">OCLCO</subfield>
    </datafield>
    <datafield tag="029" ind1="0" ind2=" ">
      <subfield code="a">NLGGC</subfield>
      <subfield code="b">175799733</subfield>
    </datafield>
    <datafield tag="035" ind1=" " ind2=" ">
      <subfield code="a">(OCoLC)67975892</subfield>
    </datafield>
    <datafield tag="245" ind1="0" ind2="0">
      <subfield code="a">Instrumentum requisitionis ac supplicationis Der Ehrwürdige[n] Wolgebornen Herrn Georgen von Sein, Graffen zu Witgenstein Thumprobsts zu Cölln, jetzigerzeit Decanats Statthalters des Hohen Stiffts Strassburg, Herman Adolphen Graffen zu Solms, Herrn zu Mintzenberg vnnd Sonnenwald, Johannsen Freyherrn zu Winnenberg vnd Beylstein, Ernsten Graffen vnd Herrn zu Manssfeld, &amp;c. der Hohen Stifft Cölln, Trier, Würtzburg vnd Strassburg, respectiuè Thumbherrn. :</subfield>
      <subfield code="b">Sampt des Notarij relation Welcher gestalt dasselbig dem Ertzbischoffen vnd Churfürsten zu Meintz, als des Reichs per Germaniam ErtzCantzlern, vnd folgents der Churfürstlichen Pfaltz Administratori &amp; Tutori insinuirt worden.</subfield>
    </datafield>
    <datafield tag="246" ind1="3" ind2=" ">
      <subfield code="a">Instrvmentvm reqvisitionis ac svpplicationis Der Ehrwürdigen Wolgebornen Herrn Georgen von Sein</subfield>
    </datafield>
    <datafield tag="264" ind1=" " ind2="1">
      <subfield code="a">[Strasbourg] :</subfield>
      <subfield code="b">[Bernhard Jobin],</subfield>
      <subfield code="c">M.D. LXXXVI. [1586]</subfield>
    </datafield>
    <datafield tag="300" ind1=" " ind2=" ">
      <subfield code="a">9 unnumbered leaves ;</subfield>
      <subfield code="c">20 CM (4to)</subfield>
    </datafield>
    <datafield tag="336" ind1=" " ind2=" ">
      <subfield code="a">text</subfield>
      <subfield code="b">txt</subfield>
      <subfield code="2">rdacontent</subfield>
    </datafield>
    <datafield tag="337" ind1=" " ind2=" ">
      <subfield code="a">unmediated</subfield>
      <subfield code="b">n</subfield>
      <subfield code="2">rdamedia</subfield>
    </datafield>
    <datafield tag="338" ind1=" " ind2=" ">
      <subfield code="a">volume</subfield>
      <subfield code="b">nc</subfield>
      <subfield code="2">rdacarrier</subfield>
    </datafield>
    <datafield tag="340" ind1=" " ind2=" ">
      <subfield code="m">4to</subfield>
      <subfield code="2">rdabf</subfield>
    </datafield>
    <datafield tag="500" ind1=" " ind2=" ">
      <subfield code="a">Publication place and printer's name taken from VD 16.</subfield>
    </datafield>
    <datafield tag="500" ind1=" " ind2=" ">
      <subfield code="a">The coats of arms of the four counts Sayn-Wittgenstein, Solms, Winnenberg and Mansfeld appear on the title page quartered in a frame with their crests attached.</subfield>
    </datafield>
    <datafield tag="500" ind1=" " ind2=" ">
      <subfield code="a">Signatures: A-B⁴, C² (C2 is blank).</subfield>
    </datafield>
    <datafield tag="500" ind1=" " ind2=" ">
      <subfield code="a">With initials and a tail-piece.</subfield>
    </datafield>
    <datafield tag="510" ind1="4" ind2=" ">
      <subfield code="a">Verzeichnis der im deutschen Sprachbereich erschienenen Drucke des 16. Jahrhunderts (VD 16),</subfield>
      <subfield code="c">I 240</subfield>
      <subfield code="u">https://gateway-bayern.de/VD16+I+240</subfield>
    </datafield>
    <datafield tag="510" ind1="4" ind2=" ">
      <subfield code="a">Ritter, F. Répertoire bibliographique des livres imprimés en Alsace aux XVe et XVIe siècle ,</subfield>
      <subfield code="c">pt. 2, v. 2, 1246</subfield>
    </datafield>
    <datafield tag="651" ind1=" " ind2="0">
      <subfield code="a">Strasbourg (France)</subfield>
      <subfield code="x">Church history</subfield>
      <subfield code="y">16th century.</subfield>
    </datafield>
    <datafield tag="650" ind1=" " ind2="0">
      <subfield code="a">Benefices, Ecclesiastical</subfield>
      <subfield code="z">France</subfield>
      <subfield code="z">Strasbourg</subfield>
      <subfield code="x">History</subfield>
      <subfield code="y">16th century.</subfield>
    </datafield>
    <datafield tag="650" ind1=" " ind2="0">
      <subfield code="a">Appellate procedure</subfield>
      <subfield code="z">Holy Roman Empire.</subfield>
    </datafield>
    <datafield tag="650" ind1=" " ind2="0">
      <subfield code="a">Reformation</subfield>
      <subfield code="z">Germany</subfield>
      <subfield code="z">Mainz (Rhineland-Palatinate)</subfield>
    </datafield>
    <datafield tag="600" ind1="0" ind2="0">
      <subfield code="a">Wolfgang,</subfield>
      <subfield code="c">Archbishop of Mainz,</subfield>
      <subfield code="d">1537 or 1538-1601.</subfield>
    </datafield>
    <datafield tag="600" ind1="1" ind2="0">
      <subfield code="a">Sayn-Wittgenstein, Georg zu,</subfield>
      <subfield code="d">1524-1588.</subfield>
      <subfield code="1">https://id.oclc.org/worldcat/entity/E39PCjKbJdPQ6GfVYrxfvrQxym</subfield>
    </datafield>
    <datafield tag="650" ind1=" " ind2="6">
      <subfield code="a">Voies de recours</subfield>
      <subfield code="z">Saint Empire romain germanique.</subfield>
    </datafield>
    <datafield tag="650" ind1=" " ind2="6">
      <subfield code="a">Réforme (Christianisme)</subfield>
      <subfield code="z">Allemagne</subfield>
      <subfield code="z">Mayence.</subfield>
    </datafield>
    <datafield tag="650" ind1=" " ind2="6">
      <subfield code="a">Bénéfices ecclésiastiques</subfield>
      <subfield code="z">France</subfield>
      <subfield code="z">Strasbourg</subfield>
      <subfield code="x">Histoire</subfield>
      <subfield code="y">16e siècle.</subfield>
    </datafield>
    <datafield tag="650" ind1=" " ind2="7">
      <subfield code="a">Appellate procedure</subfield>
      <subfield code="2">fast</subfield>
    </datafield>
    <datafield tag="650" ind1=" " ind2="7">
      <subfield code="a">Benefices, Ecclesiastical</subfield>
      <subfield code="2">fast</subfield>
    </datafield>
    <datafield tag="650" ind1=" " ind2="7">
      <subfield code="a">Canons, Cathedral, collegiate, etc.</subfield>
      <subfield code="2">fast</subfield>
    </datafield>
    <datafield tag="651" ind1=" " ind2="7">
      <subfield code="a">Europe</subfield>
      <subfield code="z">Holy Roman Empire</subfield>
      <subfield code="2">fast</subfield>
    </datafield>
    <datafield tag="651" ind1=" " ind2="7">
      <subfield code="a">France</subfield>
      <subfield code="z">Strasbourg</subfield>
      <subfield code="2">fast</subfield>
      <subfield code="1">https://id.oclc.org/worldcat/entity/E39PBJgcX4dPjrXkPBRvC3Tyh3</subfield>
    </datafield>
    <datafield tag="650" ind1=" " ind2="7">
      <subfield code="a">Reformation</subfield>
      <subfield code="2">fast</subfield>
    </datafield>
    <datafield tag="651" ind1=" " ind2="7">
      <subfield code="a">Germany</subfield>
      <subfield code="z">Mainz (Rhineland-Palatinate)</subfield>
      <subfield code="2">fast</subfield>
      <subfield code="1">https://id.oclc.org/worldcat/entity/E39QbtfRvrTdQTcMT6xyQDDvQY</subfield>
    </datafield>
    <datafield tag="648" ind1=" " ind2="7">
      <subfield code="a">0 B.C.-1599 A.D.</subfield>
      <subfield code="2">fast</subfield>
    </datafield>
    <datafield tag="655" ind1=" " ind2="7">
      <subfield code="a">History</subfield>
      <subfield code="2">fast</subfield>
    </datafield>
    <datafield tag="655" ind1=" " ind2="7">
      <subfield code="a">Church history</subfield>
      <subfield code="2">fast</subfield>
    </datafield>
    <datafield tag="700" ind1="1" ind2=" ">
      <subfield code="a">Jobin, Bernhard,</subfield>
      <subfield code="d">approximately 1545-1593,</subfield>
      <subfield code="e">printer.</subfield>
      <subfield code="4">prt</subfield>
      <subfield code="1">https://id.oclc.org/worldcat/entity/E39PBJqvXTYJYQYV7xF4v4dmh3</subfield>
    </datafield>
    <datafield tag="752" ind1=" " ind2=" ">
      <subfield code="a">France</subfield>
      <subfield code="d">Strasbourg,</subfield>
      <subfield code="e">publication place.</subfield>
      <subfield code="4">pup</subfield>
    </datafield>
    <datafield tag="758" ind1=" " ind2=" ">
      <subfield code="i">has work:</subfield>
      <subfield code="a">Instrumentum requisitionis ac supplicationis der Ehrwürdigen Wolgebornen Herrn Georgen von Sein, Graffen zu Witgenstein Thumprobsts zu Cölln (Text)</subfield>
      <subfield code="1">https://id.oclc.org/worldcat/entity/E39PCFtfBcTtVkGyYM87VhTDVP</subfield>
      <subfield code="4">https://id.oclc.org/worldcat/ontology/hasWork</subfield>
    </datafield>
  </record>